[Event "Czechia KP-chTA 0607"]
[Site "Czech Republic"]
[Date "2006.11.26"]
[Round "3.7"]
[White "Bilek, Roman"]
[Black "Vrana, Karel"]
[Result "1-0"]
[WhiteElo "1995"]
[BlackElo "1695"]
[PlyCount "67"]
[EventDate "2006.10.29"]
[EventType "team"]
[EventRounds "11"]
[EventCountry "CZE"]
[SourceTitle "EXT 2008"]
[Source "ChessBase"]
[SourceDate "2007.11.25"]
[SourceVersion "1"]
[SourceVersionDate "2007.11.25"]
[SourceQuality "1"]
[WhiteTeam "Uholicky"]
[BlackTeam "Tisice"]
[WhiteTeamCountry "CZE"]
[BlackTeamCountry "CZE"]

1. d4 Nf6 2. c4 e6 3. Nf3 d5 4. Nc3 Nbd7 5. Bg5 Be7 6. e3 a6 7. Rc1 0-0 8. c5 c6 9. b4 b6 10. Be2 bxc5 11. bxc5 a5 12. Qa4 Bb7 13. 0-0 Ne4 14. Bxe7 Qxe7 15. Nxe4 dxe4 16. Nd2 f5 17. Rb1 Nf6 18. Rb3 Nd5 19. Rfb1 Ba6 20. Bxa6 Rxa6 21. Rb7 Qg5 22. Qc4 Raa8 23. R1b3 h5 24. h3 h4 25. Qe2 Qg6 26. f4 Kh7 27. Nc4 a4 28. Rb2 Nc3 29. Qe1 a3 30. Qxh4+ Kg8 31. R2b3 Nb5 32. Ne5 Qe8 33. Qg5 Rf6 34. Qxg7# 1-0